Anthesis and pollen germination in Hevea brasiliensis Muell. Arg. (Record no. 54313)

MARC details
000 -LEADER
fixed length control field 00329nam a2200121Ia 4500
100 ## - MAIN ENTRY--AUTHOR NAME
Personal name Saraswathyamma C K
245 #0 - TITLE STATEMENT
Title Anthesis and pollen germination in Hevea brasiliensis Muell. Arg.
260 ## - PUBLICATION, DISTRIBUTION, ETC. (IMPRINT)
Name of publisher Turrialba
Year of publication 1990
300 ## - PHYSICAL DESCRIPTION
Number of Pages 51-53
700 ## - ADDED ENTRY--PERSONAL NAME
Personal name Panikkar A O N
942 ## - ADDED ENTRY ELEMENTS (KOHA)
Koha item type Journals
Holdings
Withdrawn status Lost status Damaged status Not for loan Home library Current library Date acquired Serial Enumeration / chronology Koha item type
      Journals RRII Library RRII Library 17/12/2021 Volume 40, Issue 1 Journals